Eurovision 2023 - Statistics

General Stats
  • This quiz has been taken 244 times
    220 since last reset
  • The average score is 28 of 37
Answer Stats
Hint Performer Answer % Correct
Finland Käärijä Cha Cha Cha
93%
Israel Noa Kirel Unicorn
91%
Poland Blanka Solo
90%
Austria Teya and Salena Who the hell is Edgar
90%
Norway Alessandra Queen of Kings
89%
Sweden Loreen Tattoo
89%
Germany Lord of the Lost Blood and Glitter
87%
Estonia Alika Bridges
85%
Albania Albina & Familja Kelmendi Duje
84%
Czech Republic Vesna My Sister's Crown
84%
Armenia Brunette Future Lover
83%
United Kingdom Mae Muller I Wrote a Song
83%
Croatia Let 3 Mama ŠČ!
83%
Iceland Diljà Power
81%
Belgium Gustaph Because Of You
80%
Spain Blanca Paloma Eaea
80%
France La Zarra Évidemment
80%
Australia Voyager Promise
80%
Cyprus Andrew Lambrou Break a Broken Heart
78%
Switzerland Remo Forrer Watergun
78%
Slovenia Joker Out Carpe Diem
77%
Lithuania Monika Linkytė Stay
76%
Ireland Wild Youth We Are One
76%
Georgia Iru Echo
75%
Denmark Reiley Breaking My Heart
74%
Ukraine Tvorchi Heart of Steel
74%
Latvia Sudden Lights Aijā
72%
Italy Marco Mengoni Due Vite
70%
Azerbijan TuralTuranX Tell Me More
68%
Greece Victor Vernicos What They Say
68%
San Marino Piqued Jacks Like an Animal
66%
Netherlands Mia Nicolai and Dion Cooper Burning Daylight
64%
Serbia Luke Black Samo mi se spava
61%
Portugal Mimicat Ai coração
59%
Malta The Busker Dance (Our Own Party)
57%
Moldova Pasha Parfeny Soarele şi luna
57%
Romania Theodor Andrei D.G.T. (Off and On)
41%
No matching quizzes found
Score Distribution
Percent of People with Each Score
Percentile by Number Answered
Your Score History
You have not taken this quiz since the last reset